Alle Länder nach Bevölkerung (absteigende Reihenfolge) - Statistiken

Allgemein
  • Dieses Quiz wurde 18 mal gespielt
  • Das Durchschnittsergebnis liegt bei 56 aus 193
Antwortstatistiken
Hint Antwort % Korrekt
214.800.000 Brasilien
100%
1.436.600.000 China
100%
83.300.000 Deutschland
100%
1.417.200.000 Indien
100%
275.500.000 Indonesien
100%
127.500.000 Mexiko
100%
235.800.000 Pakistan
100%
144.300.000 Russland
100%
85.200.000 Türkei
100%
171.200.000 Bangladesch
90%
65.800.000 Frankreich
90%
67.600.000 Grossbritannien
90%
88.600.000 Iran
90%
124.900.000 Japan
90%
218.500.000 Nigeria
90%
332.800.000 USA
90%
103.500.000 Ägypten
80%
123.400.000 Äthiopien
80%
58.900.000 Italien
80%
66.800.000 Thailand
80%
46.200.000 Argentinien
70%
99.000.000 Demokratische Republik Kongo
70%
38.800.000 Kanada
70%
49.100.000 Kolumbien
70%
115.600.000 Philippinen
70%
51.600.000 Südkorea
70%
99.400.000 Vietnam
70%
44.500.000 Irak
60%
54.000.000 Kenia
60%
38.000.000 Polen
60%
47.400.000 Spanien
60%
60.600.000 Südafrika
60%
65.500.000 Tansania
60%
47.200.000 Uganda
60%
41.000.000 Ukraine
60%
35.600.000 Angola
50%
40.000 Monaco
50%
54.200.000 Myanmar
50%
33.400.000 Peru
50%
10.000 Tuvalu
50%
41.100.000 Afghanistan
40%
44.900.000 Algerien
40%
100.000 Andorra
40%
25.800.000 Australien
40%
11.600.000 Belgien
40%
33.500.000 Ghana
40%
10.000 Nauru
40%
30.900.000 Nepal
40%
17.700.000 Niederlande
40%
20.000 Palau
40%
19.000.000 Rumänien
40%
36.700.000 Saudi-Arabien
40%
17.900.000 Senegal
40%
35.600.000 Usbekistan
40%
9.200.000 Belarus
30%
5.873.420 Dänemark
30%
10.600.000 Griechenland
30%
17.800.000 Guatemala
30%
9.600.000 Honduras
30%
400.000 Island
30%
9.500.000 Israel
30%
33.700.000 Jemen
30%
19.200.000 Kasachstan
30%
100.000 Kiribati
30%
40.000 Liechtenstein
30%
32.700.000 Malaysia
30%
33.000.000 Mosambik
30%
26.100.000 Nordkorea
30%
9.000.000 Österreich
30%
1.300.000 Osttimor
30%
700.000 Salomonen
30%
20.000.000 Sambia
30%
200.000 Samoa
30%
10.500.000 Schweden
30%
8.800.000 Schweiz
30%
16.300.000 Simbabwe
30%
100.000 Tonga
30%
300.000 Vanuatu
30%
28.300.000 Venezuela
30%
100.000 Antigua und Barbuda
20%
10.200.000 Aserbaidschan
20%
13.400.000 Benin
20%
800.000 Bhutan
20%
6.800.000 Bulgarien
20%
22.700.000 Burkina Faso
20%
19.800.00 Chile
20%
70.000 Dominica
20%
11.200.000 Dominikanische Republik
20%
18.000.000 Ecuador
20%
5.600.000 Finnland
20%
100.000 Grenada
20%
800.000 Guyana
20%
11.600.000 Haiti
20%
800.000 Komoren
20%
11.100.000 Kuba
20%
700.000 Luxemburg
20%
600.000 Malediven
20%
36.700.000 Marokko
20%
50.000 Marshallinseln
20%
1.300.000 Mauritius
20%
600.000 Montenegro
20%
5.400.000 Norwegen
20%
9.300.000 Papua-Neuguinea
20%
200.000 São Tomé und Príncipe
20%
6.800.000 Serbien
20%
5.500.000 Singapur
20%
17.600.000 Somalia
20%
22.400.000 Sri Lanka
20%
50.000 St. Kitts und Nevis
20%
200.000 St. Lucia
20%
100.000 St. Vincent und die Grenadinen
20%
46.900.000 Sudan
20%
600.000 Suriname
20%
22.100.000 Syrien
20%
10.000.000 Tadschikistan
20%
23.200.000 Taiwan
20%
1.400.000 Trinidad und Tobago
20%
10.500.000 Tschechien
20%
11.800.000 Tunesien
20%
3.000.000 Armenien
10%
1.500.000 Bahrain
10%
300.000 Barbados
10%
400.000 Belize
10%
400.000 Brunei
10%
12.900.000 Burundi
10%
28.200.000 Elfenbeinküste
10%
6.300.000 El Salvador
10%
1.300.000 Estland
10%
1.200.000 Eswatini
10%
900.000 Fidschi
10%
2.700.000 Gambia
10%
3.700.000 Georgien
10%
13.900.000 Guinea
10%
5.100.000 Irland
10%
2.800.000 Jamaika
10%
27.900.000 Kamerun
10%
600.000 Kap Verde
10%
6.800.000 Kirgistan
10%
7.500.000 Laos
10%
1.900.000 Lettland
10%
6.800.000 Libyen
10%
2.800.000 Litauen
10%
20.400.000 Malawi
10%
22.600.000 Mali
10%
500.000 Malta
10%
100.000 Mikronesien
10%
3.500.000 Moldau
10%
3.400.000 Mongolei
10%
5.100.000 Neuseeland
10%
26.200.000 Niger
10%
1.800.000 Nordmazedonien
10%
6.800.000 Paraguay
10%
10.300.000 Portugal
10%
13.800.000 Ruanda
10%
100.000 Seychellen
10%
8.700.000 Sierra Leone
10%
10.900.000 Südsudan
10%
8.800.000 Togo
10%
17.700.000 Tschad
10%
6.400.000 Turkmenistan
10%
9.700.000 Ungarn
10%
9.400.000 Vereinigte Arabische Emirate
10%
2.800.000 Albanien
0%
1.700.000 Äquatorialguinea
0%
400.000 Bahamas
0%
12.200.000 Bolivien
0%
3.400.000 Bosnien und Herzegowina
0%
2.600.000 Botswana
0%
5.200.000 Costa Rica
0%
1.100.000 Dschibuti
0%
3.700.000 Eritrea
0%
2.400.000 Gabun
0%
2.100.000 Guinea-Bissau
0%
11.200.000 Jordanien
0%
16.800.000 Kambodscha
0%
2.700.000 Katar
0%
3.800.000 Kroatien
0%
4.100.000 Kuwait
0%
2.300.000 Lesotho
0%
5.500.000 Libanon
0%
5.300.000 Liberia
0%
29.600.000 Madagaskar
0%
4.700.000 Mauretanien
0%
2.600.000 Namibia
0%
6.700.000 Nicaragua
0%
4.600.000 Oman
0%
4.400.000 Panama
0%
6.000.000 Republik Kongo
0%
5.400.000 Slowakei
0%
2.100.000 Slowenien
0%
3.600.000 Uruguay
0%
5.600.000 Zentral­afrikanische Republik
0%
1.300.000 Zypern
0%
Keine übereinstimmenden Quizze gefunden
Verteilung der Resultate
Anzahl Personen mit jedem Resultat
Perzentil nach korrekt beantworteten Fragen
Ihre Resultats-Entwicklung
Sie haben dieses Quiz noch nicht gespielt